Prowincje rzymskie - Quiz na Mapie - Statystyki

Ogólne statystyki
  • Ten quiz został rozwiązany 991 razy
  • Średni wynik to 18 z 46
Odpowiedzi na mapie
Odpowiedzi zakodowano w zielono-czerwonej skali na mapie do tego quizu, zgodnie z poniższymi procentami.
 
Statystyki odpowiedzi
Odpowiedź % Poprawnych
Corsica | Korsyka
72%
Cyprus | Cypr
72%
Aegyptus | Egipt
69%
Britannia | Brytania
69%
Sardinia | Sardynia
68%
Macedonia
59%
Syria
59%
Italia
57%
Armenia
55%
Sicilia | Sycylia
53%
Dalmatia | Dalmacja
50%
Judea
50%
Dacia | Dacja
49%
Hispania Tarraconensis
48%
Arabia
46%
Creta et Cyrene | Kreta
46%
Thracia | Tracja
46%
Hispania Baetica
45%
Baleares
40%
Achaea | Achaja
38%
Asia | Azja
38%
Gallia Belgica
38%
Mauretania Caesarensis
38%
Mesopotamia | Mezopotamia
37%
Africa Proconsularis
35%
Aquitania | Akwitania
34%
Germania Superior
32%
Lusitania
32%
Cappadocia | Kapadocja
29%
Mauretania Tingitana
29%
Alpes Poeniae
28%
Gallia Lugdunensis
28%
Alpes Cottiae
27%
Gallia Narbonensis
27%
Galatia | Galacja
26%
Germania Inferior
25%
Alpes Maritimae
24%
Bitynia et Pontus
23%
Cilicia | Cylicja
22%
Moesia Superior | Mezja
19%
Noricum
19%
Pannonia Superior
18%
Raetia | Recja
16%
Lycia et Pamphylia | Lycja
15%
Moesia Inferior | Mezja
15%
Pannonia Inferior
15%
Nie znaleziono quizów pasujących do podanych kryteriów
Rozkład punktacji
Procent ludzi z każdym wynikiem
Percentyl według liczby udzielonych odpowiedzi
Twoja historia wyników
Nie rozwiązałeś tego quizu